| 000 | 00510nam a22001697a 4500 | ||
|---|---|---|---|
| 999 |
_c9082 _d9082 |
||
| 008 | 210322b ||||| |||| 00| 0 eng d | ||
| 040 | _aBMS College of Architecture | ||
| 100 | _aShenoy, R, Shridhar | ||
| 245 | _aVintage automobile Museum | ||
| 300 | _a100p. | ||
| 500 | _a1BM06A037 | ||
| 502 |
_8B.Arch _NBMS College of Architecture, Visvesvaraya Technological University _aProject report _d2012 |
||
| 650 | _aMuseum | ||
| 700 |
_aShobha M N _eGuide |
||
| 700 |
_aK R Mudhu Chand _eGuide |
||
| 942 |
_2ddc _cTHE |
||